Statistics for How Many Times Can You Type FRANCE in 15 Seconds?

Click here to take the quiz!

General Stats

  • This quiz has been taken 80 times
  • The average score is 44 of 60

Answer Stats

FRANCE% Correct
F
100%
A
94%
A
94%
C
94%
E
94%
F
94%
N
94%
R
94%
R
94%
N
91%
C
88%
E
88%
A
84%
C
84%
E
84%
F
84%
N
84%
R
84%
A
81%
A
81%
C
81%
E
81%
F
81%
F
81%
N
81%
R
81%
R
81%
C
78%
E
78%
N
78%
F
75%
R
75%
A
72%
C
72%
E
72%
F
72%
N
72%
R
72%
A
69%
A
66%
C
66%
C
66%
E
66%
F
66%
N
66%
N
66%
R
66%
E
63%
A
56%
F
56%
R
56%
C
47%
E
47%
N
47%
F
44%
R
44%
A
41%
C
38%
E
38%
N
38%

Score Distribution

Percentile by Number Answered

Percent of People with Each Score

Your Score History

You have not taken this quiz